[Event "Agora vai"]
[Site "http://www.queenalice.com/game.php?id=1477443"]
[Date "2017.5.9"]
[Round "-"]
[White "Tavinho92"]
[Black "Strogonoff"]
[Result "0-1"]
[WhiteElo "1731"]
[BlackElo "2018"]

1. e4 e5 2. Nf3 Nc6 3. Bb5 d6 4. d4 exd4 5. Nxd4 Ne7 6. Bg5 f6 7. Bf4 Bd7 8.
Bxc6 Nxc6 9. Nc3 Qe7 10. O-O O-O-O 11. Re1 g5 12. Be3 h5 13. Qd3 Ne5 14. Qe2 g4
15. Nf5 Qh7 16. Bxa7 h4 17. Bd4 Bxf5 18. Bxe5 fxe5 19. exf5 Qxf5 20. Nd5 g3 21.
fxg3 hxg3 22. Qc4 gxh2+ 23. Kh1 Rh7 24. Re2 Kb8 25. g4 Qf3+ 26. Rg2 c6 27. Rf1
Qxd5 28. Qxd5 cxd5 29. Rxh2 Rxh2+ 30. Kxh2 Bh6 31. Rf6 Bf4+ 32. Kg2 Kc7 33. Rf5
Kc6 34. Kf3 Rh8 35. g5 Rh3+ 36. Ke2 Rg3 37. g6 Rxg6 38. Rh5 Rg2+ 39. Kd1 b5 40.
b3 b4 41. Rh8 Kc5 42. Ra8 Kd4 43. a4 bxa3 44. Rxa3 Kc3 45. Ra2 d4 46. Rb2 d3 0-1

[Event "AUTO-ADV-3833"]
[Site "http://www.queenalice.com/game.php?id=1477859"]
[Date "2017.5.13"]
[Round "1"]
[White "mascarade"]
[Black "Tavinho92"]
[Result "0-1"]
[WhiteElo "1820"]
[BlackElo "1698"]

1. e4 e5 2. f4 d6 3. f5 Nf6 4. Nc3 d5 5. exd5 Bxf5 6. Bb5+ Bd7 7. Bxd7+ Qxd7 8.
Nf3 Nxd5 9. Nxd5 Qxd5 10. Qe2 Bd6 11. c4 Qe6 12. O-O O-O 13. d3 Nc6 14. Ng5 Qe7
15. Qg4 h6 16. Nh3 Kh8 17. Rf5 Qe6 18. Qh5 Nd4 19. Rf2 Kh7 20. Ng5+ Kg8 21. Nxe6
fxe6 22. Rxf8+ Rxf8 23. Be3 Nc2 24. Bxh6 Nxa1 25. Qg4 Bc5+ 0-1

[Event "AUTO-ADV-3833"]
[Site "http://www.queenalice.com/game.php?id=1477860"]
[Date "2017.5.13"]
[Round "1"]
[White "Tavinho92"]
[Black "mascarade"]
[Result "0-1"]
[WhiteElo "1701"]
[BlackElo "1757"]

1. e4 e5 2. Bc4 Bc5 3. Nf3 Nc6 4. d3 h6 5. O-O Nge7 6. Nc3 Na5 7. Nxe5 Nxc4 8.
Nxc4 d5 9. exd5 Nxd5 10. Nxd5 Qxd5 11. Bf4 O-O 12. Bxc7 Qg5 13. Bg3 h5 14. h4
Qxg3 15. d4 Qxh4 16. g3 Qe4 17. f3 Qxd4+ 18. Qxd4 Bxd4+ 19. Kg2 b5 20. Rfd1 bxc4
21. Rxd4 Ba6 22. b3 cxb3 23. axb3 Bb7 24. Rda4 Rfc8 25. c4 a6 26. Kh3 Bxf3 27.
Rxa6 Bg4+ 28. Kh2 Rab8 29. Rb1 Rd8 30. Rb2 Rd3 31. b4 Rbd8 32. c5 Rd2+ 33. Rxd2
Rxd2+ 34. Kg1 Be2 35. Ra5 Rb2 36. c6 Rxb4 37. Ra8+ Kh7 38. c7 Bg4 39. c8=R Bxc8
40. Rxc8 Rb2 41. Rc5 g6 42. Re5 f5 43. Ra5 Kh6 44. Ra4 Kg5 45. Kf1 Rh2 46. Kg1
Re2 47. Kf1 Re4 48. Ra3 h4 49. gxh4+ Rxh4 50. Kf2 f4 51. Rd3 Kg4 52. Kg2 g5 53.
Rf3 Kf5 54. Ra3 g4 55. Ra5+ Ke6 56. Ra4 f3+ 57. Kg3 f2 58. Kg2 Rh2+ 59. Kf1 g3
60. Rf4 Rh1+ 61. Kg2 Rg1+ 0-1

[Event "AUTO-ADV-3833"]
[Site "http://www.queenalice.com/game.php?id=1477875"]
[Date "2017.5.13"]
[Round "1"]
[White "Daniel1962"]
[Black "Tavinho92"]
[Result "1-0"]
[WhiteElo "1799"]
[BlackElo "1726"]

1. f4 d5 2. Nf3 c5 3. d4 e6 4. e3 Nf6 5. Bd3 Nc6 6. O-O c4 7. Be2 Ne4 8. Nbd2
Nxd2 9. Bxd2 Bd6 10. c3 Bd7 11. b4 b5 12. Qc2 g6 13. Ng5 h6 14. Nh3 Qc7 15. a4
a6 16. axb5 Ne7 17. bxa6 Qb6 18. Qa2 Bb5 19. a7 O-O 20. Nf2 Nc6 21. Ng4 h5 22.
Nf6+ Kg7 23. Nd7 Qd8 24. Nxf8 Rxa7 25. Nxe6+ 1-0

[Event "AUTO-ADV-3833"]
[Site "http://www.queenalice.com/game.php?id=1477876"]
[Date "2017.5.13"]
[Round "1"]
[White "Tavinho92"]
[Black "Daniel1962"]
[Result "0-1"]
[WhiteElo "1713"]
[BlackElo "1812"]

1. e4 e5 2. Bc4 Nf6 3. Nc3 Bc5 4. Nf3 d6 5. Ng5 d5 6. Nxd5 Nxd5 7. Nxf7 Qf6 8.
Qf3 Qxf3 9. gxf3 Kxf7 10. Bxd5+ Ke7 11. d3 Rf8 12. Ke2 Nd7 13. Rg1 g6 14. h4 Nf6
15. Bc4 Bd7 16. c3 Nh5 17. Be3 Bxe3 18. fxe3 c5 19. d4 exd4 20. exd4 Nf4+ 21.
Ke3 Rac8 22. d5 b6 23. e5 b5 24. Be2 Nxd5+ 25. Ke4 Bc6 26. Kd3 c4+ 27. Kd4 Ke6
28. f4 Rxf4+ 29. Kc5 Bd7# 0-1

[Event "AUTO-ADV-3833"]
[Site "http://www.queenalice.com/game.php?id=1477887"]
[Date "2017.5.13"]
[Round "1"]
[White "Tavinho92"]
[Black "avian"]
[Result "0-1"]
[WhiteElo "1717"]
[BlackElo "1946"]

1. e4 d6 2. d4 Nf6 3. Nc3 g6 4. Nf3 Bg7 5. Bc4 O-O 6. O-O Bg4 7. Qd3 c6 8. Bg5
Nbd7 9. Rfe1 Qb6 10. Bb3 Bxf3 11. Qxf3 Qxd4 12. Qh3 h5 13. Bxf6 Nxf6 14. Qe3
Qxe3 15. Rxe3 e5 16. Rd1 Rad8 17. a3 Rfe8 18. h3 Re7 19. Bc4 Bh6 20. Rg3 Kh7 21.
b4 Red7 22. a4 d5 23. exd5 cxd5 24. Bb3 e4 25. f3 e3 26. Kf1 Bf4 27. Rxg6 Kxg6
28. Ke2 d4 29. Nb5 a6 30. Na3 h4 31. Nc4 Nh5 32. b5 Ng3+ 33. Ke1 e2 34. Rd3 Re7
35. c3 Nf1 36. cxd4 Bg3# 0-1

[Event "AUTO-ADV-3833"]
[Site "http://www.queenalice.com/game.php?id=1477888"]
[Date "2017.5.13"]
[Round "1"]
[White "avian"]
[Black "Tavinho92"]
[Result "1-0"]
[WhiteElo "1930"]
[BlackElo "1710"]

1. d4 d5 2. c4 e6 3. Nc3 Bb4 4. Nf3 dxc4 5. e3 Bxc3+ 6. bxc3 b5 7. Ba3 Ne7 8.
Be2 Nbc6 9. O-O O-O 10. Bc5 a6 11. a4 Bb7 12. axb5 axb5 13. Rxa8 Qxa8 14. Qc2
Rd8 15. Rb1 Ba6 16. Ng5 Ng6 17. Bf3 f6 18. Nxe6 Rd7 19. Qe4 Bb7 20. Qg4 Rf7 21.
Be4 Bc8 22. Bd5 f5 23. Qg3 Kh8 24. Ng5 Rf6 25. Nf7+ Kg8 26. Nd6+ Be6 27. Bxe6+
Rxe6 28. Nxf5 Qe8 29. Qxc7 Nce7 30. Nxe7+ Nxe7 31. Qg3 Nf5 32. Qf3 Rf6 33. Ra1
Qd7 34. Ra8+ Kf7 35. Ra7 Qxa7 36. Bxa7 Ra6 37. g3 Rxa7 38. Qxf5+ Ke7 39. Qxb5
1-0

[Event "Heineken II"]
[Site "http://www.queenalice.com/game.php?id=1478310"]
[Date "2017.5.16"]
[Round "-"]
[White "Tavinho92"]
[Black "Strogonoff"]
[Result "0-1"]
[WhiteElo "1701"]
[BlackElo "2017"]

1. c4 e5 2. e3 Nf6 3. d4 Bb4+ 4. Bd2 Bxd2+ 5. Qxd2 exd4 6. exd4 d6 7. Nf3 Bg4 8.
Qe3+ Qe7 9. Qxe7+ Kxe7 10. Nbd2 Re8 11. O-O-O Kd7 12. c5 d5 13. Bd3 b6 14. h4
Ne4 15. Bxe4 dxe4 16. Ne5+ Rxe5 17. dxe5 Bxd1 18. Kxd1 e3 19. Ne4 exf2 20. cxb6
cxb6 21. Ng5 Nc6 22. Nxf7 Rf8 23. e6+ Kxe6 24. Ng5+ Ke7 25. Rf1 h6 26. Ne4 Ne5
27. Rxf2 Rd8+ 28. Kc2 Rc8+ 29. Kb3 a5 30. Ka4 Rc4+ 31. Kb5 Rxe4 32. g3 Rb4+ 33.
Ka6 Kd7 34. a3 Rb3 35. Re2 Nc6 36. Kb7 Rxg3 37. Rd2+ Ke7 38. Kxc6 Rg6+ 39. Kb5
Re6 40. Rc2 Kf6 41. Rc6 Rxc6 42. Kxc6 g5 43. hxg5+ hxg5 44. Kxb6 g4 45. Kxa5 g3
46. a4 g2 47. b4 g1=Q 48. b5 Qe1+ 49. Ka6 Qe8 50. a5 Qa8+ 51. Kb6 Ke6 52. a6 Kd7
53. a7 Kc8 54. Kc5 Qxa7+ 55. b6 Qb7 56. Kb5 Kd7 57. Ka5 Kc6 58. Ka4 Qxb6 0-1

[Event "30 pontinhos do Mérinho "]
[Site "http://www.queenalice.com/game.php?id=1481686"]
[Date "2017.6.9"]
[Round "-"]
[White "Tavinho92"]
[Black "Strogonoff"]
[Result "1-0"]
[WhiteElo "1687"]
[BlackElo "1997"]

1. d4 d5 2. c4 e6 3. Nc3 Nf6 4. Bf4 Bd6 5. Bxd6 cxd6 6. cxd5 exd5 7. Qb3 Qa5 8.
Qb5+ Nc6 9. Qxa5 Nxa5 10. Nb5 Nc4 11. Nc7+ Kd7 12. Nxa8 b6 13. b3 Na5 14. Rc1
Nc6 15. e3 Bb7 16. Nxb6+ axb6 17. Bb5 Rc8 18. Bxc6+ Bxc6 19. Nf3 h5 20. O-O Rg8
21. Rc2 g5 22. Rfc1 g4 23. Rxc6 gxf3 24. g3 Rb8 25. Rc7+ Ke6 26. Ra7 Ne8 27. h4
Kf6 28. Kh2 1-0

[Event "Enquanto você pensa..."]
[Site "http://www.queenalice.com/game.php?id=1483208"]
[Date "2017.6.22"]
[Round "-"]
[White "Strogonoff"]
[Black "Tavinho92"]
[Result "1-0"]
[WhiteElo "1984"]
[BlackElo "1715"]

1. e4 c5 2. Nf3 e5 3. Bc4 h6 4. d3 Nf6 5. Nxe5 d5 6. exd5 Nxd5 7. Qf3 Be6 8. Nc3
f6 9. Ng6 Rh7 10. Bxd5 Bxd5 11. Nxd5 Nc6 12. Qe4+ Kf7 13. Nxf8 Kxf8 14. Qxh7
Qxd5 15. Qh8+ Qg8 16. Qxg8+ Kxg8 17. Be3 Re8 18. Kd2 b6 19. Rhe1 g5 20. h3 f5
21. f4 g4 22. hxg4 fxg4 23. Rh1 Kg7 24. f5 Kf6 25. Rxh6+ 1-0

[Event "Challenge"]
[Site "http://www.queenalice.com/game.php?id=1486365"]
[Date "2017.7.16"]
[Round "-"]
[White "zubarev"]
[Black "Tavinho92"]
[Result "1-0"]
[WhiteElo "1848"]
[BlackElo "1710"]

1. g3 e5 2. e4 Nf6 3. Nc3 Bb4 4. d3 Bxc3+ 5. bxc3 Nc6 6. Bg2 d6 7. Ne2 O-O 8.
O-O Bg4 9. Bg5 h6 10. Be3 a6 11. f4 exf4 12. Bxf4 Re8 13. Bf3 a5 14. Nd4 Bxf3
15. Qxf3 Nxd4 16. cxd4 c6 17. e5 dxe5 18. Bxe5 Nd5 19. Qxf7+ 1-0

[Event "AUTO-ADV-3873"]
[Site "http://www.queenalice.com/game.php?id=1487590"]
[Date "2017.7.26"]
[Round "1"]
[White "jupar"]
[Black "Tavinho92"]
[Result "1-0"]
[WhiteElo "2058"]
[BlackElo "1689"]

1. e4 e5 2. Nf3 Nf6 3. Nc3 Bb4 4. Bc4 h6 5. d3 Bxc3+ 6. bxc3 O-O 7. O-O Nc6 8.
Ba3 d6 9. Re1 Na5 10. Bb3 Bg4 11. h3 1-0

[Event "AUTO-ADV-3873"]
[Site "http://www.queenalice.com/game.php?id=1487591"]
[Date "2017.7.26"]
[Round "1"]
[White "Tavinho92"]
[Black "jupar"]
[Result "0-1"]
[WhiteElo "1687"]
[BlackElo "2060"]

1. e4 e5 2. d4 exd4 3. c3 dxc3 4. Bc4 d6 5. Qf3 Nf6 6. Nxc3 Be7 7. b3 a6 8. Bb2
O-O 9. Qg3 Nc6 10. Nd5 Ne5 11. Bxe5 dxe5 0-1

[Event "AUTO-ADV-3873"]
[Site "http://www.queenalice.com/game.php?id=1487602"]
[Date "2017.7.26"]
[Round "1"]
[White "DinoSouza"]
[Black "Tavinho92"]
[Result "1-0"]
[WhiteElo "1914"]
[BlackElo "1685"]

1. e4 e6 2. d4 d5 3. e5 Nc6 4. Nf3 f6 5. Nc3 Bb4 6. Bd2 fxe5 7. dxe5 Nge7 8. Bb5
O-O 9. Ne2 Bxd2+ 10. Qxd2 Rf5 11. Ned4 Nxd4 12. Nxd4 Rxe5+ 13. Ne2 d4 14. Bd3 c5
15. O-O-O Nf5 16. Rhe1 1-0

[Event "AUTO-ADV-3873"]
[Site "http://www.queenalice.com/game.php?id=1487603"]
[Date "2017.7.26"]
[Round "1"]
[White "Tavinho92"]
[Black "DinoSouza"]
[Result "0-1"]
[WhiteElo "1678"]
[BlackElo "1921"]

1. e4 c5 2. Nc3 e6 3. Bc4 Nc6 4. Nf3 Nf6 5. e5 Ng4 6. h3 Ngxe5 7. Nxe5 Nxe5 8.
Qe2 Nc6 9. d3 Be7 10. O-O O-O 11. b3 a6 12. d4 Bf6 13. Qg4 Nxd4 14. Bd2 Re8 15.
Rae1 Nxc2 0-1

[Event "AUTO-ADV-3873"]
[Site "http://www.queenalice.com/game.php?id=1487610"]
[Date "2017.7.26"]
[Round "1"]
[White "Tavinho92"]
[Black "Nille"]
[Result "0-1"]
[WhiteElo "1700"]
[BlackElo "1827"]

1. e4 e5 2. d4 exd4 3. Qxd4 Nc6 4. Qd1 d6 5. Bc4 h6 6. Qf3 Nf6 7. Nc3 Nd4 8. Qd3
c5 9. Be3 Qb6 10. Na4 Qa5+ 11. Nc3 b5 12. Bxb5+ Bd7 13. Bxd7+ Kxd7 14. Bxd4 cxd4
15. Qxd4 Nxe4 16. Qxe4 Re8 17. Qxe8+ Kxe8 18. O-O-O Qg5+ 19. Kb1 Qxg2 20. Nge2
Qxf2 21. Rde1 Be7 22. Ng3 Kd7 23. Nd5 Bh4 24. Re2 Qf3 0-1

[Event "AUTO-ADV-3873"]
[Site "http://www.queenalice.com/game.php?id=1487611"]
[Date "2017.7.26"]
[Round "1"]
[White "Nille"]
[Black "Tavinho92"]
[Result "1-0"]
[WhiteElo "1821"]
[BlackElo "1672"]

1. e4 e6 2. Nf3 d5 3. exd5 exd5 4. d4 Nf6 5. a3 Bd6 6. Nc3 h6 7. Be3 Nc6 8. Bb5
Bd7 9. O-O a6 10. Bxc6 Bxc6 11. h3 O-O 12. b4 Re8 13. Qd3 Ne4 14. Nd2 Nxc3 15.
Qxc3 Bb5 16. Rfe1 Qh4 17. Nf3 Qe4 18. Bxh6 Qg6 19. Rxe8+ Rxe8 20. Be3 Bd7 21.
Kh1 Re4 22. Ne5 Bxe5 23. dxe5 Rh4 24. Qxc7 1-0